书目信息 |
| 题名: |
聊斋志异选
|
|
| 作者: | 蒲松龄 著 ;马尔 , Mair , 马尔 , Mair 译 | |
| 分册: | ||
| 出版信息: | 北京 外文出版社 2004.04 |
|
| 页数: | 449页 | |
| 开本: | 20cm | |
| 丛书名: | 经典的回声 | |
| 单 册: | ||
| 中图分类: | H319.4:I242.1 , H319.4:I | |
| 科图分类: | ||
| 主题词: | 古典小说--中国--清代--汉语--英语--对照读物 , 短篇小说--中国--清代--汉语--英语--对照读物 , CT--S026850--古典小说 , CT--S017067--短篇小说 | |
| 电子资源: | ||
| ISBN: | 7-119-02899-5 | |
| 000 | 01137oam2 2200349 45 | |
| 001 | 012001082311 | |
| 005 | 20041209111047.83 | |
| 010 | @a7-119-02899-5@dCNY 16.00 | |
| 035 | @a(011001)c2001079626 | |
| 100 | @a20011022d2004 em y0chiy0110 ea | |
| 101 | 2 | @achi@aeng@cchi |
| 102 | @aCN@b110000 | |
| 105 | @ay z 000yy | |
| 200 | 1 | @a聊斋志异选@9liao zhai zhi yi xuan@e汉语对照@f(清)蒲松龄著@g(美)丹尼斯·马尔(Denis C.Mair),(美)维克多·马尔(Victor H. Mair)译 |
| 210 | @a北京@c外文出版社@d2004.04 | |
| 215 | @a449页@d20cm | |
| 225 | 2 | @a经典的回声 |
| 461 | 0 | @12001 @a经典的回声 |
| 510 | 1 | @aStrange Tales From Make-do Studio@zeng |
| 606 | 0 | @a古典小说@y中国@z清代@x汉语@x英语@j对照读物 |
| 606 | 0 | @a短篇小说@y中国@z清代@x汉语@x英语@j对照读物 |
| 606 | 0 | @2CT@3S026850@a古典小说 |
| 606 | 0 | @2CT@3S017067@a短篇小说 |
| 690 | @aH319.4:I242.1@v4 | |
| 690 | @aH319.4:I@v3 | |
| 701 | 0 | @a蒲松龄@9pu song ling@4著 |
| 702 | 1 | @a马尔@9ma er@bD.@4译 |
| 702 | 1 | @aMair@bDenis C.@4译 |
| 702 | 1 | @a马尔@9ma er@bV.@4译 |
| 702 | 1 | @aMair@bVictor H.@4译 |
| 801 | 0 | @aCN@bNLC@c20041209 |
| 905 | @a10447@dH319.4:I@eP800 | |
| 聊斋志异选:汉语对照/(清)蒲松龄著/(美)丹尼斯·马尔(Denis C.Mair),(美)维克多·马尔(Victor H. Mair)译.-北京:外文出版社,2004.04 |
| 449页;20cm.-(经典的回声) |
| ISBN 7-119-02899-5:CNY 16.00 |
| ● |
| 相关链接 |
|
|
|
正题名:聊斋志异选
索取号:H319.4:I/P800
 
预约/预借
| 序号 | 登录号 | 条形码 | 馆藏地/架位号 | 状态 | 备注 |
| 1 | 432594 | 204325943 | 语言库209/209语言库 54排7列4层/ [索取号:H319.4:I/P800] | 在馆 | |
| 2 | 432595 | 204325952 | 语言库209/209语言库 54排7列4层/ [索取号:H319.4:I/P800] | 在馆 |